000 00832cam a2200253 4500
001 WB3707-15
008 000000n2001 000 0 eng u
035 _a(Sirsi) u110970
245 _aEnvironment Wales
260 _c2001
490 _aWestern Mail
_vSupplement 15 February 2001(16) LOAN
520 _aSupplemet on the environment in Wales including articles on the roles of the Environment Agency Wales and the National Assembly, the climate change levy, sustainable energy, recycling and transport.
590 _aWB
650 _aWALES
650 _aENVIRONMENT AGENCY WALES
650 _aNATIONAL ASSEMBLY OF WALES
650 _aCLIMATE CHANGE LEVY
650 _aSUSTAINABLE ENERGY
650 _aRENEWABLE ENERGY
650 _aTRANSPORT
650 _aRECYCLING
690 _aEnvironment
_96238
942 _n0
999 _c66140
_d66140